Provinces of the Republic of China in 1912 - Statistics

General Stats
  • This quiz has been taken 734 times
  • The average score is 20 of 26
Answers on the Map
Answers color-coded by a green-red scale on the quiz's map according to % correct below.
 
Answer Stats
Province / Region % Correct
Tibet
99%
Inner Mongolia
95%
Guangdong
88%
Xinjiang
88%
Yunnan
86%
Shaanxi
82%
Sichuan
82%
Hubei
81%
Shanxi
81%
Shandong
80%
Fujian
77%
Gansu
77%
Guangxi
77%
Hunan
76%
Outer Mongolia
75%
Anhui
74%
Jilin
74%
Qinghai
74%
Henan
73%
Heilongjiang
72%
Shengjing
71%
Jiangsu
68%
Zhejiang
68%
Guizhou
66%
Jiangxi
65%
Zhili
36%
No matching quizzes found
Score Distribution
Percent of People with Each Score
Percentile by Number Answered
Your Score History
You have not taken this quiz